000 00377nam a22001697a 4500
005 20170919155431.0
008 170919b xxu||||| |||| 00| 0 eng d
020 _a978-93-86105-97-4
041 _aeng
082 _a540
100 _aMallick,Abhjit
_93948
245 _aChemistry
250 _a4th
260 _aNew Delhi
_bViva Books Pvt Ltd
300 _a780
942 _cBK
999 _c5592
_d5590